| 000 | 00691nam a2200181Ia 4500 | ||
|---|---|---|---|
| 008 | 100920s9999 xx 000 0 und d | ||
| 082 |
_b105758 _a375 न 09 |
||
| 100 | _aखेडेकर गुलाबराव. | ||
| 245 | _aअभ्यासाचे सुपर पॉवरफुल मंत्र. | ||
| 260 |
_bसाकेत,औरंगाबाद. _c2009 |
||
| 300 |
_a95 _bसाधी |
||
| 365 | _b60 | ||
| 520 | _aशालो. | ||
| 630 | _aअभ्यासाचे सुपर पॉवरफुल मंत्र. | ||
| 650 | _aशालो. | ||
| 730 | _aअभ्यासाचे सुपर पॉवरफुल मंत्र. | ||
| 942 | _cBOOK | ||
| 999 |
_c746189 _d746186 |
||